Psychology / (Record no. 52321)

MARC details
000 -LEADER
fixed length control field 00521nam a2200205Ia 4500
005 - DATE AND TIME OF LATEST TRANSACTION
control field 20260429112108.0
008 - FIXED-LENGTH DATA ELEMENTS--GENERAL INFORMATION
fixed length control field 260429s9999||||xx |||||||||||||| ||und||
020 ## - INTERNATIONAL STANDARD BOOK NUMBER
International Standard Book Number 9781319545147
041 ## - LANGUAGE CODE
Language English
082 ## - DEWEY DECIMAL CLASSIFICATION NUMBER
Classification number 150
Item number MYE
100 ## - MAIN ENTRY--PERSONAL NAME
Personal name Myers, David G.
245 #0 - TITLE STATEMENT
Title Psychology /
Statement of responsibility, etc David G. Myers
250 ## - EDITION STATEMENT
Edition statement 14th ed.
260 ## - PUBLICATION, DISTRIBUTION, ETC. (IMPRINT)
Place of publication, distribution, etc New York :
Name of publisher, distributor, etc Worth Publishers,
Date of publication, distribution, etc 2024.
300 ## - PHYSICAL DESCRIPTION
Extent xxxviii, 750 p.; pbk
650 ## - SUBJECT ADDED ENTRY--TOPICAL TERM
Topical term or geographic name as entry element Psychology
700 ## - ADDED ENTRY--PERSONAL NAME
Personal name DeWall, C. Nathan
700 ## - ADDED ENTRY--PERSONAL NAME
Personal name Gruber, June
942 ## - ADDED ENTRY ELEMENTS (KOHA)
Koha item type Text Books
Holdings
Withdrawn status Lost status Damaged status Not for loan Collection code Home library Location Shelving location Date of Cataloging Source of acquisition Total Checkouts Full call number Barcode Date last seen Price effective from Koha item type
        Non-fiction CUTN Central Library CUTN Central Library Philosophy & psychology 29/04/2026 Atlantic Publishers and Distributors, Chennai - Invoice No. 3013317 on 17-02-2026   150 MYE 57397 29/04/2026 29/04/2026 Text Books